[Event "Zalakaros op 27th"]
[Site "Zalakaros"]
[Date "2008.05.30"]
[Round "9"]
[White "Tompa, Janos"]
[Black "Froeschl, Felix"]
[Result "1-0"]
[WhiteElo "2382"]
[BlackElo "2194"]
[PlyCount "65"]
[EventDate "2008.05.22"]
[EventType "swiss"]
[EventRounds "9"]
[EventCountry "HUN"]
[SourceTitle "CBM 124 Extra"]
[Source "ChessBase"]
[SourceDate "2008.07.03"]
[SourceVersion "1"]
[SourceVersionDate "2008.07.03"]
[SourceQuality "1"]

1. c4 e5 2. Nc3 Nc6 3. Nf3 g6 4. d4 exd4 5. Nd5 h6 6. Nxd4 Bg7 7. Nb5 Be5 8. g3 a6 9. Nbc3 Rb8 10. Qd3 d6 11. Bg2 Nce7 12. Nxe7 Nxe7 13. 0-0 Bd7 14. a4 Bg7 15. e4 0-0 16. Be3 Qc8 17. c5 dxc5 18. Bxc5 Re8 19. Ba7 Ra8 20. Bd4 Be6 21. Bxg7 Kxg7 22. Qd4+ Kh7 23. Rfd1 Rd8 24. Qc5 Ng8 25. e5 Rb8 26. Rxd8 Qxd8 27. Rd1 Qc8 28. Nd5 c6 29. Nf4 g5 30. Nxe6 Qxe6 31. Rd6 Qe7 32. Qd4 Re8 33. e6 1-0

[Event "AUT-chT2O 0708"]
[Site "Austria"]
[Date "2008.03.15"]
[Round "10.5"]
[White "Froeschl, Felix"]
[Black "Barletta, Diego"]
[Result "1/2-1/2"]
[WhiteElo "2203"]
[BlackElo "2200"]
[PlyCount "36"]
[EventDate "2007.10.20"]
[EventType "team-tourn"]
[EventRounds "11"]
[EventCountry "AUT"]
[SourceTitle "EXT 2009"]
[Source "ChessBase"]
[SourceDate "2008.11.26"]
[SourceVersion "1"]
[SourceVersionDate "2008.11.26"]
[SourceQuality "1"]
[WhiteTeam "Tschaturanga"]
[BlackTeam "Wien Austria"]
[WhiteTeamCountry "AUT"]
[BlackTeamCountry "AUT"]

1. d4 Nf6 2. c4 e6 3. Nc3 Bb4 4. e3 0-0 5. Bd3 d5 6. Nf3 Nbd7 7. 0-0 Qe7 8. a3 dxc4 9. Bxc4 Bd6 10. Nb5 e5 11. dxe5 Bxe5 12. Nxe5 Nxe5 13. Be2 Bf5 14. Nd4 Bg6 15. b4 Ne4 16. Qe1 Nd6 17. Qc3 Ne4 18. Qe1 Nd6 1/2-1/2

[Event "AUT-chT2O 0708"]
[Site "Austria"]
[Date "2008.02.17"]
[Round "9.5"]
[White "Savio, Alfred"]
[Black "Froeschl, Felix"]
[Result "1/2-1/2"]
[WhiteElo "2045"]
[BlackElo "2203"]
[PlyCount "76"]
[EventDate "2007.10.20"]
[EventType "team-tourn"]
[EventRounds "11"]
[EventCountry "AUT"]
[SourceTitle "EXT 2009"]
[Source "ChessBase"]
[SourceDate "2008.11.26"]
[SourceVersion "1"]
[SourceVersionDate "2008.11.26"]
[SourceQuality "1"]
[WhiteTeam "Mattersburg"]
[BlackTeam "Tschaturanga"]
[WhiteTeamCountry "AUT"]
[BlackTeamCountry "AUT"]

1. c4 e5 2. Nc3 Nc6 3. Nf3 g6 4. e3 Bg7 5. a3 a5 6. Be2 d6 7. 0-0 f5 8. d3 Nf6 9. Qc2 0-0 10. b3 Ne7 11. Bb2 h6 12. c5 Be6 13. cxd6 cxd6 14. d4 e4 15. Nd2 Rc8 16. Rac1 d5 17. Qb1 g5 18. Nb5 f4 19. Rxc8 Bxc8 20. Rc1 Nc6 21. Qc2 Rf7 22. a4 Bf8 23. Ba3 Bxa3 24. Nxa3 Bg4 25. Nf1 fxe3 26. fxe3 Nb4 27. Qd1 Bxe2 28. Qxe2 Nd3 29. Rc2 Qf8 30. Nb1 Ng4 31. Nbd2 Ngf2 32. Qh5 Kg7 33. Ng3 Nb4 34. Rc5 Nfd3 35. Rc3 Nc6 36. Qg4 Kh7 37. h4 gxh4 38. Qxh4 Rg7 1/2-1/2

[Event "AUT-chT2O 0708"]
[Site "Austria"]
[Date "2008.01.27"]
[Round "7.5"]
[White "Froeschl, Felix"]
[Black "Mihok, Oliver"]
[Result "0-1"]
[WhiteElo "2203"]
[BlackElo "2371"]
[PlyCount "94"]
[EventDate "2007.10.20"]
[EventType "team-tourn"]
[EventRounds "11"]
[EventCountry "AUT"]
[SourceTitle "EXT 2009"]
[Source "ChessBase"]
[SourceDate "2008.11.26"]
[SourceVersion "1"]
[SourceVersionDate "2008.11.26"]
[SourceQuality "1"]
[WhiteTeam "Tschaturanga"]
[BlackTeam "Wien Husek"]
[WhiteTeamCountry "AUT"]
[BlackTeamCountry "AUT"]

1. d4 Nf6 2. c4 c5 3. d5 b5 4. cxb5 a6 5. bxa6 g6 6. Nc3 Bxa6 7. e4 Bxf1 8. Kxf1 d6 9. g4 h6 10. h3 Bg7 11. Nge2 Nbd7 12. Kg2 0-0 13. Bf4 Qa5 14. Qd2 Kh7 15. Rad1 Rfb8 16. Qc2 Ne8 17. Bc1 Nc7 18. Rhf1 Nb5 19. Nxb5 Qxb5 20. b3 Qa5 21. a4 Qb4 22. Rd3 Qxe4+ 23. f3 Qb4 24. Re3 Bf6 25. Bb2 Ra7 26. Bxf6 Nxf6 27. Rd1 Rc7 28. h4 h5 29. g5 Ne8 30. Kh3 Ng7 31. Ng3 Rbb7 32. Qa2 Qf4 33. Qe2 Nf5 34. Nxf5 Qxf5+ 35. Kg3 Rb4 36. Re4 Rcb7 37. Rxb4 Rxb4 38. Qe3 Kg8 39. Rd2 Qb1 40. Qxe7 Qg1+ 41. Rg2 Qd4 42. Qe4 Qd1 43. Qe8+ Kg7 44. Qe7 Rxb3 45. Re2 Qg1+ 46. Rg2 Qd4 47. Re2 Qg4+ 0-1

[Event "Imperia op-A 49th"]
[Site "Imperia"]
[Date "2007.09.09"]
[Round "9"]
[White "Raineri, Valerio"]
[Black "Froeschl, Felix"]
[Result "1/2-1/2"]
[WhiteElo "2108"]
[BlackElo "2191"]
[PlyCount "20"]
[EventDate "2007.09.02"]
[EventType "swiss"]
[EventRounds "9"]
[EventCountry "ITA"]
[SourceTitle "EXT 2009"]
[Source "ChessBase"]
[SourceDate "2008.11.26"]
[SourceVersion "1"]
[SourceVersionDate "2008.11.26"]
[SourceQuality "1"]

1. e4 c5 2. Nf3 d6 3. d4 cxd4 4. Nxd4 Nf6 5. Nc3 a6 6. Be3 e5 7. Nb3 Be6 8. f3 b5 9. Qd2 Nbd7 10. 0-0-0 Nb6 1/2-1/2

[Event "Imperia op-A 49th"]
[Site "Imperia"]
[Date "2007.09.06"]
[Round "6"]
[White "Froeschl, Felix"]
[Black "Mercandelli, Claudio"]
[Result "1-0"]
[WhiteElo "2191"]
[BlackElo "1993"]
[PlyCount "99"]
[EventDate "2007.09.02"]
[EventType "swiss"]
[EventRounds "9"]
[EventCountry "ITA"]
[SourceTitle "EXT 2009"]
[Source "ChessBase"]
[SourceDate "2008.11.26"]
[SourceVersion "1"]
[SourceVersionDate "2008.11.26"]
[SourceQuality "1"]

1. d4 Nf6 2. c4 g6 3. Nc3 Bg7 4. e4 d6 5. Be2 0-0 6. g4 c5 7. d5 Ne8 8. h4 e6 9. f4 f5 10. exf5 exf5 11. g5 Qe7 12. Qd3 Nd7 13. Bd2 Nc7 14. h5 Re8 15. 0-0-0 b5 16. Re1 Qf7 17. Qh3 Nf8 18. Nf3 bxc4 19. hxg6 hxg6 20. Nh4 Rb8 21. Bxc4 Rxe1+ 22. Bxe1 Bb7 23. Qd3 Nd7 24. Ng2 Nb6 25. Ne3 Re8 26. Bd2 Bd4 27. Bb5 Nxb5 28. Nxb5 Ba6 29. Nc2 Bg7 30. Nca3 Qxd5 31. Qxd5+ Nxd5 32. Nxd6 Re6 33. Ndb5 Re4 34. Nxa7 Nxf4 35. N7b5 Nd5 36. Nd6 Rd4 37. Nc2 Ra4 38. Re1 Bf8 39. Re8 Kg7 40. Rd8 Bxd6 41. Rxd6 Ne7 42. b3 Rxa2 43. Kb1 Rxc2 44. Kxc2 Bc8 45. Be3 Kf7 46. Bxc5 Be6 47. b4 f4 48. Ra6 Bf5+ 49. Kc3 Nc8 50. Kd4 1-0

[Event "AUT-chT2O 0506"]
[Site "Austria"]
[Date "2006.02.26"]
[Round "9.1"]
[White "Alvir, Aco"]
[Black "Froeschl, Felix"]
[Result "1-0"]
[WhiteElo "2393"]
[BlackElo "2218"]
[PlyCount "79"]
[EventDate "2005.11.19"]
[EventType "team-tourn"]
[EventRounds "11"]
[EventCountry "AUT"]
[SourceTitle "EXT 2006"]
[Source "ChessBase"]
[SourceDate "2005.11.24"]
[SourceVersion "1"]
[SourceVersionDate "2005.11.24"]
[SourceQuality "1"]
[WhiteTeam "Pamhagen"]
[BlackTeam "Tschaturanga"]
[WhiteTeamCountry "AUT"]
[BlackTeamCountry "AUT"]

1. e4 c5 2. Nf3 d6 3. d4 cxd4 4. Nxd4 Nf6 5. Nc3 Nc6 6. Bc4 e6 7. Be3 Be7 8. Rg1 0-0 9. g4 Qa5 10. Nb3 Qc7 11. g5 Nd7 12. h4 Re8 13. h5 Nf8 14. Nb5 Qb8 15. g6 hxg6 16. hxg6 fxg6 17. N5d4 Ne5 18. Bb5 Rd8 19. Qe2 a6 20. Bd3 Bd7 21. f4 Nxd3+ 22. cxd3 d5 23. e5 b5 24. Nd2 Rc8 25. N2f3 a5 26. Qh2 a4 27. f5 exf5 28. Bg5 Bb4+ 29. Bd2 Bxd2+ 30. Kxd2 a3 31. b3 Qc7 32. Ng5 Qc3+ 33. Ke3 Re8 34. Rac1 Qb4 35. Rh1 Rxe5+ 36. Kf3 Re3+ 37. Kxe3 Qe7+ 38. Kf2 Qxg5 39. Nf3 Qh5 40. Qd6 1-0

[Event "AUT-chT2O 0506"]
[Site "Austria"]
[Date "2006.02.25"]
[Round "8.6"]
[White "Froeschl, Felix"]
[Black "Hagara, Eduard"]
[Result "0-1"]
[WhiteElo "2218"]
[BlackElo "2376"]
[PlyCount "62"]
[EventDate "2005.11.19"]
[EventType "team-tourn"]
[EventRounds "11"]
[EventCountry "AUT"]
[SourceTitle "EXT 2006"]
[Source "ChessBase"]
[SourceDate "2005.11.24"]
[SourceVersion "1"]
[SourceVersionDate "2005.11.24"]
[SourceQuality "1"]
[WhiteTeam "Tschaturanga"]
[BlackTeam "Lackenbach"]
[WhiteTeamCountry "AUT"]
[BlackTeamCountry "AUT"]

1. d4 Nf6 2. c4 g6 3. Nc3 d5 4. Nf3 Bg7 5. Bg5 Ne4 6. cxd5 Nxg5 7. Nxg5 e6 8. Nf3 exd5 9. b4 0-0 10. Rc1 c6 11. e3 a6 12. Be2 Qd6 13. Qb3 Nd7 14. Na4 b5 15. Nc5 Nb6 16. 0-0 Re8 17. Rfd1 Ra7 18. Ne1 Rae7 19. Rc3 h5 20. Nc2 h4 21. Qa3 Qf6 22. Qc1 Bh6 23. Ra3 Nc4 24. Bxc4 bxc4 25. Nxa6 h3 26. Nc5 hxg2 27. Ra8 Qh4 28. Re1 f5 29. Qd1 Qh3 30. Ra3 Rh7 31. e4 Be3 0-1

[Event "AUT-chT2O 0506"]
[Site "Austria"]
[Date "2006.02.24"]
[Round "7.2"]
[White "Franzen, Jozef"]
[Black "Froeschl, Felix"]
[Result "1/2-1/2"]
[WhiteElo "2379"]
[BlackElo "2218"]
[PlyCount "43"]
[EventDate "2005.11.19"]
[EventType "team-tourn"]
[EventRounds "11"]
[EventCountry "AUT"]
[SourceTitle "EXT 2006"]
[Source "ChessBase"]
[SourceDate "2005.11.24"]
[SourceVersion "1"]
[SourceVersionDate "2005.11.24"]
[SourceQuality "1"]
[WhiteTeam "Donau"]
[BlackTeam "Tschaturanga"]
[WhiteTeamCountry "AUT"]
[BlackTeamCountry "AUT"]

1. Nf3 Nf6 2. c4 c5 3. g3 b6 4. Bg2 Bb7 5. 0-0 e6 6. b3 Be7 7. Bb2 d6 8. Nc3 0-0 9. d4 Nbd7 10. Rc1 a6 11. a4 Rb8 12. Re1 Ne4 13. Qd3 Ndf6 14. Nd2 Nxc3 15. Bxc3 Bxg2 16. Kxg2 Qd7 17. d5 e5 18. e4 Nh5 19. Nf1 Bg5 20. Bd2 Bxd2 21. Nxd2 Qg4 22. Kh1 1/2-1/2

[Event "AUT-chT2O 0506"]
[Site "Austria"]
[Date "2005.10.08"]
[Round "1.5"]
[White "Beckhuis, Gernod"]
[Black "Froeschl, Felix"]
[Result "1-0"]
[WhiteElo "2328"]
[BlackElo "2218"]
[PlyCount "53"]
[EventDate "2005.11.19"]
[EventType "team-tourn"]
[EventRounds "11"]
[EventCountry "AUT"]
[SourceTitle "EXT 2006"]
[Source "ChessBase"]
[SourceDate "2005.11.24"]
[SourceVersion "1"]
[SourceVersionDate "2005.11.24"]
[SourceQuality "1"]
[WhiteTeam "Wien Austria"]
[BlackTeam "Tschaturanga"]
[WhiteTeamCountry "AUT"]
[BlackTeamCountry "AUT"]

1. Nf3 d5 2. d4 Nf6 3. c4 c6 4. e3 e6 5. Bd3 Bd6 6. Nc3 Nbd7 7. e4 dxe4 8. Nxe4 Nxe4 9. Bxe4 Nf6 10. Bc2 b6 11. 0-0 Bb7 12. Bg5 0-0 13. Qd3 g6 14. Rad1 Be7 15. Rfe1 Re8 16. h4 Nd7 17. Bxe7 Rxe7 18. h5 Qe8 19. Re3 Rd8 20. Ng5 Nf6 21. hxg6 hxg6 22. Rg3 Nh7 23. Nxh7 Kxh7 24. Qe3 Kg8 25. Qe5 Qf8 26. Bxg6 Qg7 27. Bxf7+ 1-0

[Event "Vienna op 14th"]
[Site "Vienna"]
[Date "2003.08.21"]
[Round "6"]
[White "Mueller, Roland"]
[Black "Froeschl, Felix"]
[Result "1/2-1/2"]
[WhiteElo "2148"]
[BlackElo "2244"]
[PlyCount "117"]
[EventDate "2003.08.16"]
[EventType "swiss"]
[EventRounds "9"]
[EventCountry "AUT"]
[SourceTitle "CBM 095 Extra"]
[Source "ChessBase"]
[SourceDate "2003.09.04"]
[SourceVersion "1"]
[SourceVersionDate "2003.09.04"]
[SourceQuality "1"]

1. e4 c5 2. Nf3 d6 3. c3 Nf6 4. Bd3 e6 5. Bc2 Nbd7 6. Qe2 Qc7 7. d3 Be7 8. Nbd2 a6 9. a4 b6 10. 0-0 Bb7 11. Ne1 d5 12. f4 dxe4 13. dxe4 0-0-0 14. Bd3 Nb8 15. Nc4 b5 16. axb5 axb5 17. Na5 c4 18. Bc2 Bc5+ 19. Kh1 Ba6 20. b3 Bb6 21. b4 h5 22. Be3 h4 23. Bxb6 Qxb6 24. Qf2 Kc7 25. Nf3 Ng4 26. Qxb6+ Kxb6 27. Nd4 Bc8 28. Rf3 e5 29. fxe5 Nxe5 30. Rff1 f6 31. h3 Rd6 32. Rad1 Rhd8 33. Kg1 Na6 34. Ne2 Rxd1 35. Rxd1 Rxd1+ 36. Bxd1 Nc7 37. Nf4 Be6 38. Kf2 g5 39. Nh5 Ne8 40. Ke3 Bf7 41. Kd4 Bxh5 42. Bxh5 Nc7 43. Be2 Ne6+ 44. Ke3 Nf4 45. Bf1 Nc6 46. Bxc4 bxc4 47. Nxc4+ Kb5 48. Nd6+ Ka4 49. b5 Ne5 50. b6 Nxg2+ 51. Kd4 Nf4 52. Ne8 g4 53. Nxf6 gxh3 54. Kxe5 Ng6+ 55. Ke6 h2 56. b7 h1Q 57. b8Q Ka3 58. Qb4+ Ka2 59. Qa4+ 1/2-1/2

[Event "Vienna op 14th"]
[Site "Vienna"]
[Date "2003.08.17"]
[Round "2"]
[White "Froeschl, Felix"]
[Black "Schmid, Thomas1"]
[Result "1-0"]
[WhiteElo "2244"]
[BlackElo "1974"]
[PlyCount "95"]
[EventDate "2003.08.16"]
[EventType "swiss"]
[EventRounds "9"]
[EventCountry "AUT"]
[SourceTitle "CBM 095 Extra"]
[Source "ChessBase"]
[SourceDate "2003.09.04"]
[SourceVersion "1"]
[SourceVersionDate "2003.09.04"]
[SourceQuality "1"]

1. d4 Nf6 2. c4 g6 3. Nc3 Bg7 4. e4 d6 5. Be2 0-0 6. g4 e5 7. d5 a5 8. h4 Na6 9. g5 Nd7 10. Be3 f6 11. Qd2 Ndc5 12. f3 f5 13. 0-0-0 Rf7 14. Kb1 Bf8 15. Nh3 Bd7 16. Rdg1 Qc8 17. Nf2 f4 18. Bxc5 Nxc5 19. Bf1 a4 20. Bh3 Bxh3 21. Rxh3 Bg7 22. Ng4 Kf8 23. Rgh1 Ke7 24. h5 Qd7 25. hxg6 hxg6 26. Rh7 Raf8 27. Kc2 Qd8 28. Qh2 Kd7 29. Qh3 Ke8 30. Qh4 Qe7 31. b4 axb3+ 32. axb3 Kd8 33. Ra1 Na6 34. Nf2 Qe8 35. Nd3 Rh8 36. Rh1 Rg8 37. b4 Bf8 38. Qf2 Rxh7 39. Rxh7 b6 40. Kb3 Kc8 41. Qa2 Nb8 42. Qa7 Bg7 43. Nb5 Qd7 44. Qa8 Qf7 45. Na7+ Kd7 46. Qb7 Qe8 47. c5 bxc5 48. bxc5 1-0

[Event "AUT-chT2O 0203"]
[Site "Austria"]
[Date "2002.10.25"]
[Round "1.4"]
[White "Schroll, Gerhard"]
[Black "Froeschl, Felix"]
[Result "1-0"]
[WhiteElo "2381"]
[BlackElo "2261"]
[PlyCount "65"]
[EventDate "2002.10.25"]
[EventType "team-tourn"]
[EventRounds "11"]
[EventCountry "AUT"]
[SourceTitle "EXT 2020"]
[Source "ChessBase"]
[SourceDate "2019.10.17"]
[SourceVersion "1"]
[SourceVersionDate "2019.10.17"]
[SourceQuality "1"]
[WhiteTeam "Wiener Neustadt"]
[BlackTeam "Tschaturanga"]
[WhiteTeamCountry "AUT"]
[BlackTeamCountry "AUT"]

1. c4 c5 2. Nf3 b6 3. Nc3 Bb7 4. d4 cxd4 5. Nxd4 Nf6 6. f3 g6 7. e4 d6 8. Be3 Bg7 9. Be2 Nbd7 10. Rc1 0-0 11. 0-0 Nc5 12. Qd2 Qd7 13. Rfd1 Rad8 14. b4 Ne6 15. Nb3 Qc8 16. a4 Qb8 17. a5 bxa5 18. Nxa5 Ba8 19. Nd5 Rfe8 20. Rb1 Kf8 21. Bf1 Rd7 22. Qf2 Nd8 23. b5 e6 24. Nc6 Qb7 25. Ndb4 Kg8 26. Ra1 Nxc6 27. bxc6 Qxb4 28. cxd7 Nxd7 29. Rdb1 Qc3 30. Rxa7 Nc5 31. Qe1 Qe5 32. Qa5 Bc6 33. Qc7 1-0

[Event "AUT-chT2O 9798"]
[Site "Austria"]
[Date "1998.??.??"]
[Round "9"]
[White "Videki, Sandor"]
[Black "Froeschl, Felix"]
[Result "1-0"]
[WhiteElo "2440"]
[BlackElo "2220"]
[PlyCount "109"]
[EventDate "1997.??.??"]
[EventType "team-tourn"]
[EventRounds "13"]
[EventCountry "AUT"]
[SourceTitle "EXT 1999"]
[Source "ChessBase"]
[SourceDate "1998.11.16"]
[SourceVersion "1"]
[SourceVersionDate "1998.11.16"]
[SourceQuality "1"]

1. e4 e5 2. Nf3 d6 3. d4 Nd7 4. Nc3 c6 5. a4 h6 6. Bc4 Qf6 7. Be3 Ne7 8. a5 a6 9. h4 Ng6 10. g3 Be7 11. d5 c5 12. Bf1 Ngf8 13. Nd2 g6 14. Nc4 Qg7 15. Bh3 Rb8 16. Na4 Nf6 17. Bg2 N8d7 18. Bf3 h5 19. c3 Nh7 20. Qd2 Nhf6 21. Qe2 Ng8 22. b4 cxb4 23. cxb4 Nh6 24. Rc1 b5 25. axb6 0-0 26. Qd2 Kh7 27. Na5 Bd8 28. Nc6 Ra8 29. 0-0 Ng4 30. Bxg4 hxg4 31. Nxd8 Rxd8 32. Rc7 Rb8 33. f3 Nf6 34. Bg5 Rd7 35. Bxf6 Qxf6 36. fxg4 Qe7 37. Rc3 Rdb7 38. g5 Bd7 39. Rc6 Qe8 40. Qc3 Kg8 41. Rf6 Qe7 42. Qc4 Ra8 43. Rf2 Be8 44. Rc2 Qd7 45. Kg2 Kg7 46. Qf1 Kg8 47. Qe2 Kg7 48. Rc7 Rxc7 49. bxc7 Qxa4 50. c8Q Rxc8 51. Rxc8 Kf8 52. Rb8 Qa3 53. b5 Qb3 54. b6 a5 55. h5 1-0

[Event "AUT-chT2O 9798"]
[Site "Austria"]
[Date "1997.12.06"]
[Round "4"]
[White "Pfeiffer, Gregor"]
[Black "Froeschl, Felix"]
[Result "1/2-1/2"]
[WhiteElo "2135"]
[BlackElo "2220"]
[PlyCount "28"]
[EventDate "1997.??.??"]
[EventType "team-tourn"]
[EventRounds "13"]
[EventCountry "AUT"]
[SourceTitle "EXT 1999"]
[Source "ChessBase"]
[SourceDate "1998.11.16"]
[SourceVersion "1"]
[SourceVersionDate "1998.11.16"]
[SourceQuality "1"]

1. e4 c5 2. Nf3 d6 3. d4 cxd4 4. Nxd4 Nf6 5. Nc3 a6 6. f4 e5 7. Nf3 Qc7 8. Bd3 Nbd7 9. 0-0 g6 10. Qe1 Bg7 11. fxe5 dxe5 12. Qh4 h6 13. a4 g5 14. Qe1 0-0 1/2-1/2

[Event "AUT-chT2O 9697"]
[Site "Austria"]
[Date "1997.??.??"]
[Round "?"]
[White "Kummer, Helmut"]
[Black "Froeschl, Felix"]
[Result "1-0"]
[WhiteElo "2290"]
[BlackElo "2200"]
[PlyCount "83"]
[EventDate "1996.??.??"]
[EventType "team-tourn"]
[EventRounds "11"]
[EventCountry "AUT"]
[SourceTitle "EXT 1998"]
[Source "ChessBase"]
[SourceDate "1997.11.17"]
[SourceVersion "1"]
[SourceVersionDate "1997.11.17"]
[SourceQuality "1"]

1. d4 Nf6 2. c4 e6 3. Nf3 b6 4. Nc3 Bb7 5. Bg5 h6 6. Bh4 Bb4 7. e3 Bxc3+ 8. bxc3 g5 9. Bg3 Ne4 10. Bd3 d6 11. Qc2 Nxg3 12. fxg3 Nd7 13. 0-0 Qe7 14. e4 e5 15. c5 0-0 16. cxd6 cxd6 17. Nd2 Rac8 18. Qb3 Kh7 19. Rf2 f6 20. Raf1 Kg6 21. Nc4 Ba6 22. Nxe5+ fxe5 23. Bxa6 Rxf2 24. Rxf2 Rf8 25. Rxf8 Nxf8 26. Bc8 Kg7 27. Bf5 Qc7 28. h3 Kh8 29. Kh2 Kg7 30. Kh1 Kf6 31. Qd5 Kg7 32. c4 Kf6 33. a4 a5 34. Qa8 Ke7 35. d5 Qxc4 36. Qb7+ Kf6 37. Qxb6 Qb4 38. Qc7 Qe1+ 39. Kh2 Qb4 40. Qd8+ Kf7 41. Be6+ Nxe6 42. Qd7+ 1-0

[Event "AUT-chT2O 9697"]
[Site "Austria"]
[Date "1996.??.??"]
[Round "7"]
[White "Froeschl, Felix"]
[Black "Rumpl, Erwin"]
[Result "0-1"]
[WhiteElo "2200"]
[BlackElo "2165"]
[PlyCount "66"]
[EventDate "1996.??.??"]
[EventType "team-tourn"]
[EventRounds "11"]
[EventCountry "AUT"]
[SourceTitle "EXT 1998"]
[Source "ChessBase"]
[SourceDate "1997.11.17"]
[SourceVersion "1"]
[SourceVersionDate "1997.11.17"]
[SourceQuality "1"]

1. d4 Nf6 2. Nf3 e6 3. c4 Bb4+ 4. Nc3 b6 5. Qb3 Bxc3+ 6. Qxc3 Bb7 7. g3 d6 8. Bg2 0-0 9. 0-0 c5 10. dxc5 bxc5 11. Rd1 Qe7 12. Bg5 Rd8 13. a3 Nbd7 14. b4 h6 15. Bf4 e5 16. Be3 Ng4 17. Bc1 Rab8 18. b5 e4 19. Nh4 Qe5 20. Bb2 Qxc3 21. Bxc3 Nb6 22. Nf5 Nxc4 23. Nxg7 d5 24. Nf5 d4 25. Be1 Kf8 26. Rdc1 Nge5 27. a4 d3 28. exd3 exd3 29. Bc3 d2 30. Rd1 Nf3+ 31. Kh1 Rd3 32. Bf6 Re8 33. Nh4 Re6 0-1

[Event "AUT-chT2O 9596"]
[Site "Austria"]
[Date "1996.??.??"]
[Round "8"]
[White "Hofbauer, Martin"]
[Black "Froeschl, Felix"]
[Result "0-1"]
[WhiteElo "2275"]
[BlackElo "2200"]
[PlyCount "68"]
[EventDate "1995.??.??"]
[EventType "team-tourn"]
[EventRounds "11"]
[EventCountry "AUT"]
[SourceTitle "EXT 1999"]
[Source "ChessBase"]
[SourceDate "1998.11.16"]
[SourceVersion "1"]
[SourceVersionDate "1998.11.16"]
[SourceQuality "1"]

1. e4 c5 2. Nf3 d6 3. Bb5+ Bd7 4. Bxd7+ Qxd7 5. c4 Nc6 6. d4 cxd4 7. Nxd4 Nf6 8. Nc3 g6 9. f3 Bg7 10. Be3 0-0 11. Rc1 Nh5 12. 0-0 Ne5 13. b3 f5 14. exf5 gxf5 15. Ndb5 a6 16. Nd4 f4 17. Bf2 Rf6 18. Nd5 Rg6 19. Nf5 Re8 20. Nh4 Rg5 21. Nb6 Qh3 22. Be1 Qe6 23. Nd5 Qd7 24. Kh1 Kh8 25. Bc3 e6 26. Nb6 Qd8 27. c5 d5 28. Re1 Nc6 29. Bd2 Re5 30. Rxe5 Bxe5 31. Be1 Ng3+ 32. hxg3 fxg3 33. Nf5 exf5 34. Qxd5 Qh4+ 0-1

[Event "AUT-chT2O 9495"]
[Site "Austria"]
[Date "1995.??.??"]
[Round "?"]
[White "Froeschl, Felix"]
[Black "Ploner, Ferdinand"]
[Result "0-1"]
[WhiteElo "2210"]
[BlackElo "2260"]
[PlyCount "60"]
[EventDate "1994.??.??"]
[EventType "team-tourn"]
[EventRounds "11"]
[EventCountry "AUT"]
[SourceTitle "EXT 1999"]
[Source "ChessBase"]
[SourceDate "1998.11.16"]
[SourceVersion "1"]
[SourceVersionDate "1998.11.16"]
[SourceQuality "1"]

1. d4 d5 2. c4 e6 3. Nc3 Nf6 4. Bg5 Be7 5. e3 0-0 6. Nf3 b6 7. cxd5 Nxd5 8. Bxe7 Nxe7 9. Bd3 Nd7 10. Qc2 h6 11. Be4 c6 12. g4 f5 13. gxf5 exf5 14. Bd3 Nf6 15. Rg1 Be6 16. 0-0-0 b5 17. Ne5 Nfd5 18. Qe2 Nxc3 19. bxc3 Qa5 20. Qh5 Qxc3+ 21. Bc2 Rf6 22. Rg3 f4 23. Rxg7+ Kxg7 24. Rg1+ Kf8 25. Qh4 Nd5 26. Ng6+ Ke8 27. Qxh6 Qa3+ 28. Kd1 Nc3+ 29. Kd2 fxe3+ 30. Qxe3 Qb4 0-1